000 00837nam a2200241 i 4500
001 32592
003 ES-MaACL
005 20250808022120.0
007 t|
008 030131s1970 sp ||||1| spa d
100 1 _aBernadac, Christian.
_928171
245 1 4 _aLos médicos malditos
_b: las experiencias médicas humanas en los campos de concentración /
_cChristian Bernadac ; [versión, Manuel Castillo].
250 _a1ª ed.
260 _aBarcelona :
_bCaralt,
_c[1970]
300 _a280 p. ;
_c20 cm.
490 1 _aLa vida vivida
650 7 _aExperimentación humana en medicina
_2embne
_9164657
650 4 _aGuerra mundial, 1939-1945-
_xAtrocidades.
_9164658
700 0 _aCastillo Molina, Manuel.
_936753
830 0 3 _aLa vida vivida
_9180877
852 _aES-MaACL
_jC-48646
_bR.73484
999 _c32592
_d32592